01399nam a2200361Ia 4500001001200000003000800012006001900020007001500039008004100054010001700095020001800112020001800130020003100148040002100179035002100200050002400221082001600245100002700261245011700288260003400405300001900439504006600458533015200524650002900676650003900705651003000744651004500774651002900819655002900848710001700877856012600894999001701020ebr10576143CaPaEBRm u cr cn|||||||||080916s2009 paua sb 001 0 eng d z 2008040619 z9780812207354 z9780812221732 z9780812241358 (alk. paper) aCaPaEBRcCaPaEBR a(OCoLC)80204889014aDP102b.F783 2009eb04a946/.022221 aFuchs, Barbara,d1970-10aExotic nationh[electronic resource] :bmaurophilia and the construction of early modern Spain /cBarbara Fuchs. aPhiladelphia :bPENN,cc2009. a200 p. :bill. aIncludes bibliographical references (p. [179]-191) and index. aElectronic reproduction.bPalo Alto, Calif. :cebrary,d2011.nAvailable via World Wide Web.nAccess may be limited to ebrary affiliated libraries. 0aMuslimszSpainxHistory. 0aNational characteristics, Spanish. 0aSpainxHistoryy711-1516. 0aSpainxCivilizationxIslamic influences. 0aSpainxEthnic relations. 7aElectronic books.2local2 aebrary, Inc.40uhttp://site.ebrary.com/lib/rucke/Doc?id=10576143zAn electronic book accessible through the World Wide Web; click to view c87893d87893